| 000 | 00777nam a2200205Ia 4500 | ||
|---|---|---|---|
| 999 |
_c11592 _d11592 |
||
| 082 | _a025.42 CLA; | ||
| 245 | 0 | _aClassification and communication: papers presented at the second regional conference of International Federation for Documentation Committee on Classification Research (FID/CR) November 15, 1985, New Delhi | |
| 260 |
_aDelhi _bDelhi Library Association _c1985 |
||
| 300 | _a110p. | ||
| 650 | _aClassification, Colon | ||
| 650 | _aCommunication in library science | ||
| 650 | _aClassification - Study and teaching | ||
| 650 | _aLibrary science | ||
| 700 | _aKrishan Kumar | ||
| 700 | _aVashishth, C.P. | ||
| 700 | _aKashyap, M.M. | ||
| 710 | _aSarada Ranganathan Endowment for Library Science | ||
| 710 | _aIndian Library Association | ||
| 942 |
_cBK _2ddc |
||